00461nam a2200133 a 450000500170000000800410001702000180005805000180007624500500009426000360014444000200018099900190020095201080021920140412111415.0070710s19uu xx 00 eng d a0-7214-1550-4 aERbPr93 1993 aThe princess and the pea /cRobert Ayton ill. aU.S.A :bLadybird books,c1993. aFavourite tales c105812d105812 001040aELbELcERd2007-07-10eDonationl0oER Pr93 1993pE10717r2014-04-12 00:00:00w2014-04-12yBK